| 000 | 01352nam a22003375a 4500 | ||
|---|---|---|---|
| 003 | EG-ScBUE | ||
| 005 | 20221116052147.0 | ||
| 008 | 170703s2000 ua go f 000 0bara d | ||
| 017 | _a1999 / 13971 | ||
| 020 | _a9772082845 | ||
| 040 |
_aEG-ScBUE _bara _erda _cEG-ScBUE _dEG-ScBUE |
||
| 043 | _ama----- | ||
| 082 | 0 | 4 |
_a780.956 _bر ز ق _222 |
| 100 | 1 |
_aرزق، قسطندي، _eمؤلف. |
|
| 245 | 1 | 2 |
_aالموسيقى الشرقية والغناء العربي مع السيرة الذاتية للفنان عبده الحمولي / _cتأليف قسطندي رزق. |
| 246 | 3 | 0 | _aالسيرة الذاتية للفنان عبده الحمولي |
| 250 | _aالطبعة الثانية. | ||
| 264 | 1 |
_aالقاهرة : _bمكتبة مدبولي، _c2000. |
|
| 300 |
_a160 صفحة : _bصور، نوتات موسيقية ؛ _c24 سم. |
||
| 490 | 0 |
_aصفحات من تاريخ مصر ؛ _v44 |
|
| 500 | _aالطبعة الأولى عام 1936 م. | ||
| 600 | 0 | 7 |
_aعبده الحمولي، _d1841-1901. _2BUEsh |
| 650 | 7 |
_aالعرب _vموسيقى _2BUEsh |
|
| 650 | 7 |
_aالغناء _zالبلاد العربية. _2BUEsh |
|
| 650 | 7 |
_aالموسيقى الشرقية. _2BUEsh |
|
| 650 | 7 |
_aالموسيقيون العرب _vتراجم. _2BUEsh |
|
| 651 | _2BUEsh | ||
| 653 |
_bGGEN _cJuly2017 |
||
| 655 | _vReading book | ||
| 942 | _2ddc | ||
| 999 |
_c24964 _d24936 |
||